| 000 | 01264 a2200229 4500 | ||
|---|---|---|---|
| 003 | Nust | ||
| 005 | 20221124165156.0 | ||
| 010 | _a 80013937 | ||
| 020 | _a0471801828 | ||
| 040 | _cNust | ||
| 082 | 0 | 0 | _a621.38132,SMI |
| 100 | 1 |
_aSmith, Ralph Judson. _9101469 |
|
| 245 | 1 | 0 |
_aElectronics : _bcircuits and devices / _cRalph J. Smith. |
| 250 | _a2nd ed. / | ||
| 260 |
_aNew York : _bWiley, _cc1980. |
||
| 300 |
_axiii, 494 p. : _bill. ; _c24 cm. |
||
| 505 | _aElectrical Quantities (Page-1), Circuit Principles (Page-27), Signal Waveforms (Page-59), Physical Electronics (Page-97), Semiconductor Diodes (Page-129), Transistors and Integrated Circuits (Page-151), Diode Applications (Page-171), Digital Devices (Page-201), Logic Circuits (Page-223), Alternating Current Circuits (Page-243), Audio frequency Power Amplifiers (Page-277), Small Signal Models (Page-307), Small Signal Amplifiers (Page-335), Feedback Amplifiers (Page-357), Operational Amplifiers (Page-381), Instruments (Page-413). | ||
| 650 | 0 | _aTelecommunication engineering | |
| 856 | 4 | 2 |
_3Publisher description _uhttp://www.loc.gov/catdir/enhancements/fy0607/80013937-d.html |
| 856 | 4 | 2 |
_3Table of contents only _uhttp://www.loc.gov/catdir/enhancements/fy0607/80013937-t.html |
| 942 |
_2ddc _cBK |
||
| 999 |
_c175859 _d175859 |
||